Catalog

Record Details

Catalog Search



Schöpferische Spannung : Mission zwischen gestern und morgen ; = Creative Tension Cover Image Book Book

Schöpferische Spannung : Mission zwischen gestern und morgen ; = Creative Tension Stephen C. Neill

Neill, Stephen C. (Author).

Record details

  • Physical Description: 123 s.
  • Edition: 1. Aufl.
  • Publisher: Kassel J. G. Oncken Verlag 1959

Available copies

  • 1 of 1 copy available at Common Catalog SPOK.

Holds

  • 0 current holds with 1 total copy.
Show Only Available Copies
Location Call Number / Copy Notes Barcode Shelving Location Status Due Date
ETS Library 266 424470008170 Volný výběr Available -

LDR 00706nam a2 00241
00143550
003CZ-PrJAB
00520040311000000.0
008001031s1959 xr e |||| |ger
009ge
035 . ‡a(CONS)8328
035 . ‡aKPS7523
040 . ‡aABG450
041 . ‡ager
08214. ‡a266
100 . ‡71889 ‡aNeill, Stephen C.
245 . ‡aSchöpferische Spannung : ‡bMission zwischen gestern und morgen ; = Creative Tension ‡cStephen C. Neill
250 . ‡a1. Aufl.
260 . ‡aKassel ‡bJ. G. Oncken Verlag ‡c1959
300 . ‡a123 s.
653 . ‡aSchöpferische Spannung Mission zwischen gestern und morgen
8524 . ‡bETS ‡bETS ‡cVolný výběr ‡j266 ‡gA ‡p424470008170
910 . ‡aABG450
999 . ‡a8328 ‡bAUTOGEN ‡c8328 ‡tbiblio
905 . ‡uadmin
901 . ‡a43550 ‡b ‡c43550 ‡tbiblio ‡sets

Additional Resources